00717cam a22002171 4500001001300000003000400013005001700017008004100034010001700075040001800092050001900110110004600129245005000175260002800225300002400253490004600277504003100323650003500354810009300389999001700482sa 68012969 DLC20260227112617.0711115s1950 ii b 000 0 eng  asa 68012969  aDLCcDLCdDLC00aHD1411b.I38162 aIndian Society of Agricultural Economics.10aNature and scope [of agricultural economics]. aBombayc[foreword 1950] a159, [1] p.c25 cm.1 aIts Readings in agricultural economics, 1 aBibliographical footnotes. 0aAgriculturexEconomic aspects.2 aIndian Society of Agricultural Economics.tReadings in agricultural economics series,v1 c84846d84846